Quarterly Budget review (Record no. 603)
[ view plain ]
| 000 -LEADER | |
|---|---|
| fixed length control field | 00313nam a22001217a 4500 |
| 008 - FIXED-LENGTH DATA ELEMENTS--GENERAL INFORMATION | |
| fixed length control field | 230606b xxu||||| |||| 00| 0 eng d |
| 082 ## - DEWEY DECIMAL CLASSIFICATION NUMBER | |
| Classification number | 352.4 |
| Item number | KEN |
| 110 ## - MAIN ENTRY--CORPORATE NAME | |
| Subordinate unit | Ministry of Finance |
| 245 ## - TITLE STATEMENT | |
| Title | Quarterly Budget review |
| Remainder of title | Third quarter 2005/2006 |
| 250 ## - EDITION STATEMENT | |
| Edition statement | August, 2006 Edition |
| 300 ## - PHYSICAL DESCRIPTION | |
| Extent | 27p |
| 942 ## - ADDED ENTRY ELEMENTS (KOHA) | |
| Source of classification or shelving scheme | Dewey Decimal Classification |
| Koha item type | Books |
| Withdrawn status | Lost status | Source of classification or shelving scheme | Damaged status | Not for loan | Home library | Current library | Date acquired | Total Checkouts | Full call number | Barcode | Date last seen | Price effective from | Koha item type |
|---|---|---|---|---|---|---|---|---|---|---|---|---|---|
| Dewey Decimal Classification | Bunge Tower Library | Bunge Tower Library | 06/06/2023 | 352.4 KEN | 10015031 | 06/06/2023 | 06/06/2023 | Books | |||||
| Dewey Decimal Classification | Bunge Tower Library | Bunge Tower Library | 06/06/2023 | 352.4 KEN | 10015035 | 06/06/2023 | 06/06/2023 | Books |
